000 00603nam a2200205Ia 4500
005 20250326144541.0
008 250326s9999 xx 000 0 und d
020 _a0-8058-5665-X
037 _aTextbook
040 _aFMSL
_beng
_cFMSL
041 _aeng
_2eng
084 _aSNI P6
_qFMSL
100 _aAlon Nahi
_9749872
245 0 _aPsychology of demonization : Promoting acceptance and reducing conflict
_cAlon Nahi; Omer Haim
260 _aNew Jersey
_bNew Jersey, L E A Pub.
_c2006
300 _axiii,152
365 _b2811.75
942 _cTB
_hSNI P6
999 _c1304137
_d1304137